Additively Manufactured Coatings (Record no. 19079)
[ view plain ]
| 000 -LEADER | |
|---|---|
| fixed length control field | 00901nam a2200133Ia 4500 |
| 008 - FIXED-LENGTH DATA ELEMENTS--GENERAL INFORMATION | |
| fixed length control field | 220615s9999||||xx |||||||||||||| ||und|| |
| 020 ## - INTERNATIONAL STANDARD BOOK NUMBER | |
| International Standard Book Number | 9783040000000 |
| 245 #0 - TITLE STATEMENT | |
| Title | Additively Manufactured Coatings |
| 546 ## - LANGUAGE NOTE | |
| Language note | English[eng] |
| 650 ## - SUBJECT ADDED ENTRY--TOPICAL TERM | |
| Topical term or geographic name entry element | metal additive manufacturing||nickel-based alloy||microstructure||cooling effect||laser cladding||TiC||microstructure control||wear behavior prediction||ductile materials||dislocation density||microstructure and recrystallization||cold gas dynamic spray||molecular dynamics||Ti coating||cyclic potentiodynamic polarization (CPP) test||hysteresis loop||wear||additive manufacturing||Inconel 718||friction||tribocorrosion||corrosion||H13 steel||thermal stress cycle||numerical simulation||unstable alternating thermal stress||residual stress||n/a |
| 700 ## - ADDED ENTRY--PERSONAL NAME | |
| Personal name | Menezes, Pradeep||Kumar, Pankaj |
| 856 ## - ELECTRONIC LOCATION AND ACCESS | |
| Uniform Resource Identifier | <a href="https://mdpi.com/books/pdfview/book/4604">https://mdpi.com/books/pdfview/book/4604</a> |
| 942 ## - ADDED ENTRY ELEMENTS (KOHA) | |
| Koha item type | E-Books |
| Withdrawn status | Lost status | Damaged status | Not for loan | Home library | Current library | Date acquired | Total Checkouts | Date last seen | Price effective from | Koha item type |
|---|---|---|---|---|---|---|---|---|---|---|
| Kerala University of Digital Sciences, Innovation and Technology Knowledge Centre | Kerala University of Digital Sciences, Innovation and Technology Knowledge Centre | 15/06/2022 | 15/06/2022 | 15/06/2022 | E-Books |